[Makromarketing cestového ruchu]

Recenzia na publikáciu autora Juraja Litomerického - Makromarketing cestovného ruchu. Cieľom publikácie je, ako autor uvádza, "ponúknuť vybrané príklady zo zahraničia - krajín, kde cestovný ruch je významným odvetvím národného hospodárstva, kde majú skúsenosti s aplikovaním marketingových stratégií...

Celý popis

Uložené v:
Podrobná bibliografia
Hlavný autor: Michálková, Anna, 1968-
Médium: Kapitola
Jazyk:Slovak
Predmet:
Tagy: Pridať tag
Žiadne tagy, Buďte prvý, kto otaguje tento záznam!

MARC

LEADER 00000naa a2200000 4500
001 0163591
005 20240502072838.4
041 0 |a slo 
044 |a SK 
245 1 0 |a [Makromarketing cestového ruchu]  |c Anna Michálková 
520 |a Recenzia na publikáciu autora Juraja Litomerického - Makromarketing cestovného ruchu. Cieľom publikácie je, ako autor uvádza, "ponúknuť vybrané príklady zo zahraničia - krajín, kde cestovný ruch je významným odvetvím národného hospodárstva, kde majú skúsenosti s aplikovaním marketingových stratégií a kampaní v cestovnom ruchu a dosahujú v tom úspechy". 
610 2 0 |a ruch cestovný 
610 2 0 |a marketing 
610 2 0 |a recenzie 
100 1 |a Michálková, Anna, 1968-